000
00360nam a2200157Ia 4500
008
221030s9999 xx 000 0 und d
020
_a
9812549986
041
_a
English
082
_a
105.23
100
_a
G. Moss
245
0
_a
Communication Secrets
260
_b
Thomson Learning
_a
Singapore
_c
2004
300
_a
184
650
_a
MCA English
942
_c
BK
999
_c
2670
_d
2670